Tome One Piece par image #2 - Statistiques

Statistiques générales
  • Ce quiz a été pris 236 fois
  • Le résultat moyen est 15 sur 16
Statistiques - réponses
Par images Réponse % Correct
12
96%
10
94%
33
94%
16
93%
41
93%
28
91%
59
91%
38
90%
52
90%
65
90%
73
90%
40
89%
99
89%
62
88%
64
88%
79
88%
Aucun quiz correspondant
Distribution des résultats
% des personnes avec chaque résultat
Percentile par nombre de réponses
Votre historique - résultats
Vous n’avez pas pris ce quiz